[Event "Campeonato del Mundo sub-20 2010"]
[Site "Chotowa POL"]
[Date "2010.08.15"]
[Round "12.10"]
[White "Stupak, Kirill"]
[Black "Soors, Stef"]
[Result "1/2-1/2"]
[WhiteElo "2504"]
[BlackElo "2259"]
[PlyCount "142"]
[EventDate "2010.08.03"]
[EventType "swiss"]
[EventRounds "13"]
[EventCountry "POL"]
[Source "lmi"]
[SourceDate "2010.08.03"]

1. d4 Nf6 2. g3 g6 3. Bg2 Bg7 4. e4 d6 5. Nc3 O-O 6. Nge2 e5 7. O-O Nc6 8. dxe5
dxe5 9. Bg5 Qxd1 10. Rfxd1 Ne8 11. Nd5 f6 12. Be3 Rf7 13. Nec3 Bg4 14. f3 Be6
15. Bf1 Bf8 16. a3 Nd6 17. Na4 b6 18. c4 Na5 19. c5 Ndc4 20. Bf2 b5 21. Nac3 c6
22. b4 Nb3 23. Ra2 a5 24. Bxc4 bxc4 25. Nb6 axb4 26. Nxa8 bxc3 27. Nb6 Nd4 28.
Rxd4 exd4 29. Bxd4 Ra7 30. a4 Ra5 31. Kf1 Bxc5 32. Bxc5 Rxc5 33. Ke1 c2 34.
Rxc2 c3 35. Rc1 Kf7 36. Ra1 Bb3 37. h4 Ke8 38. a5 c2 39. Kd2 Ba2 40. Na4 c1=Q+
41. Rxc1 Rxa5 42. Nb6 c5 43. Ra1 Ra6 44. Nd5 Kf7 45. Nc3 Rd6+ 46. Kc2 Be6 47.
Ra5 c4 48. Nd5 Bxd5 49. exd5 Rb6 50. Ra7+ Ke8 51. Kc3 Rb3+ 52. Kxc4 Rxf3 53. d6
h5 54. Kd5 Kd8 55. g4 hxg4 56. Rg7 Rd3+ 57. Ke6 Re3+ 58. Kxf6 Rd3 59. Ke5 Re3+
60. Kd4 Rh3 61. Ke5 Rxh4 62. Ke6 Rh8 63. Rd7+ Kc8 64. Rc7+ Kd8 65. Rd7+ Kc8 66.
Re7 g5 67. Rg7 Re8+ 68. Kd5 Re1 69. Rg8+ Kd7 70. Rg7+ Kd8 71. Rg8+ Kd7 1/2-1/2

[Event "Campeonato del Mundo sub-20 2010"]
[Site "Chotowa POL"]
[Date "2010.08.15"]
[Round "12.12"]
[White "Piorun, Kacper"]
[Black "Salgado Lopez, Ivan"]
[Result "1/2-1/2"]
[WhiteElo "2499"]
[BlackElo "2607"]
[PlyCount "87"]
[EventDate "2010.08.03"]
[EventType "swiss"]
[EventRounds "13"]
[EventCountry "POL"]
[Source "lmi"]
[SourceDate "2010.08.03"]

1. d4 d5 2. c4 c6 3. Nc3 Nf6 4. e3 a6 5. Nf3 b5 6. c5 g6 7. Bd3 Bg7 8. Qc2 Nbd7
9. b4 O-O 10. h3 Ne8 11. Bb2 a5 12. bxa5 e5 13. Nxe5 Nxe5 14. dxe5 Bxe5 15. a4
b4 16. Na2 b3 17. Qxb3 Rb8 18. Nb4 Bxb2 19. Qxb2 Qxa5 20. Rb1 Qxc5 21. O-O Qd6
22. Qc3 c5 23. Nc2 Ra8 24. Ra1 Nc7 25. Rfd1 Ba6 26. Be4 f5 27. Bf3 f4 28. Rac1
Rad8 29. e4 d4 30. Nxd4 cxd4 31. Qxc7 Qxc7 32. Rxc7 Rfe8 33. Rc6 Bb7 34. Rf6
Kg7 35. Rxf4 Re5 36. Be2 Bxe4 37. Bd3 Bc6 38. Rc1 Bxa4 39. Rc7+ Rd7 40. Rxd7+
Bxd7 41. Rxd4 Be6 42. f4 Rd5 43. Rxd5 Bxd5 44. g4 1/2-1/2

[Event "Campeonato del Mundo sub-20 2010"]
[Site "Chotowa POL"]
[Date "2010.08.15"]
[Round "12.13"]
[White "Delorme, Axel"]
[Black "Saric, Ivan"]
[Result "1-0"]
[WhiteElo "2455"]
[BlackElo "2584"]
[PlyCount "78"]
[EventDate "2010.08.03"]
[EventType "swiss"]
[EventRounds "13"]
[EventCountry "POL"]
[Source "lmi"]
[SourceDate "2010.08.03"]

1. e4 c5 2. Nf3 e6 3. d4 cxd4 4. Nxd4 a6 5. Bd3 Nf6 6. O-O Qc7 7. Qe2 d6 8. c4
Nbd7 9. Nc3 Ne5 10. Kh1 Bd7 11. Bd2 Be7 12. f4 Nxd3 13. Qxd3 O-O 14. Rae1 Rfc8
15. b3 Be8 16. e5 dxe5 17. fxe5 Nd7 18. Qg3 Nc5 19. Bh6 g6 20. Bg5 Bf8 21. Nf5
h5 22. Nd6 f5 23. Nxc8 Rxc8 24. Rd1 Nd7 25. Bf4 Qd8 26. Bg5 Qc7 27. Bf4 Qd8 28.
h4 Rc5 29. Rd4 Qe7 30. Rfd1 Qg7 31. b4 Rc8 32. a3 b6 33. Qd3 Nxe5 34. Qe3 Nc6
35. Qxe6+ Bf7 36. Qxc8 Nxd4 37. Bd6 Ne6 38. Nd5 Qb2 39. Re1 Kh7 1-0

[Event "Campeonato del Mundo sub-20 2010"]
[Site "Chotowa POL"]
[Date "2010.08.15"]
[Round "12.14"]
[White "Rasulov, Vugar Ural"]
[Black "Nyzhnyk, Illya"]
[Result "0-1"]
[WhiteElo "2442"]
[BlackElo "2543"]
[PlyCount "196"]
[EventDate "2010.08.03"]
[EventType "swiss"]
[EventRounds "13"]
[EventCountry "POL"]
[Source "lmi"]
[SourceDate "2010.08.03"]

1. e4 c5 2. Nf3 d6 3. d4 cxd4 4. Qxd4 Nc6 5. Bb5 Bd7 6. Bxc6 Bxc6 7. Nc3 Nf6 8.
Bg5 e6 9. O-O-O Be7 10. Rhe1 O-O 11. Qd2 Qc7 12. Nd4 Rfd8 13. f3 Rab8 14. g4 b5
15. Kb1 a5 16. Nce2 b4 17. Ng3 Ba8 18. Nh5 Ne8 19. Bxe7 Qxe7 20. g5 a4 21. f4
g6 22. Ng3 e5 23. Nf3 b3 24. cxb3 axb3 25. a3 Rbc8 26. Rc1 Ng7 27. fxe5 dxe5
28. Qa5 Ne6 29. Qxe5 Qd7 30. Qf6 Rc2 31. Ka1 Rdc8 32. Rxc2 bxc2 33. Ne2 Qd1+
34. Nc1 Rc7 35. Ka2 Bxe4 36. Rxe4 Qxc1 37. Rxe6 Qb1+ 38. Kb3 c1=N+ 39. Kb4 Rb7+
40. Rb6 Rxb6+ 41. Qxb6 Qxb2+ 42. Ka5 Qxa3+ 43. Kb5 Qd3+ 44. Ka4 Qc2+ 45. Kb5
Qd3+ 46. Ka4 Qc4+ 47. Ka3 Qa2+ 48. Kb4 Nd3+ 49. Kc3 Qd5 50. Qe3 Nc5 51. h4 Ne6
52. Qd3 Qa5+ 53. Kc2 Qa2+ 54. Kc3 Qa5+ 55. Kc2 Qa4+ 56. Kd2 Qf4+ 57. Ke1 h6 58.
gxh6 Qxh6 59. Qe4 Qc1+ 60. Kf2 Qc5+ 61. Kg3 Qc8 62. Kg2 Ng7 63. Ng5 Nf5 64. Qf4
Qc2+ 65. Kf1 Qd3+ 66. Kf2 Qd5 67. Kg1 Kg7 68. Kh2 Qa2+ 69. Kh3 Qa1 70. Kh2 Qe1
71. h5 Qe2+ 72. Kg1 Qd1+ 73. Kf2 Qc2+ 74. Ke1 Qc3+ 75. Kf2 Qc5+ 76. Kf3 Qc3+
77. Kf2 Qc2+ 78. Ke1 Qb1+ 79. Kf2 gxh5 80. Ne4 Qb6+ 81. Kg2 Qg6+ 82. Kh3 f6 83.
Nc5 Ne7 84. Qc7 Qf5+ 85. Kg2 Qe5 86. Qa7 Kg6 87. Nd7 Qe4+ 88. Kh2 Qe2+ 89. Kh3
Kg5 90. Nf8 Nf5 91. Nh7+ Kh6 92. Nf8 Qd3+ 93. Kg2 Ne3+ 94. Kf2 Ng4+ 95. Kg1 h4
96. Qb8 Qe3+ 97. Kh1 h3 98. Qb1 Qf3+ 0-1

[Event "Campeonato del Mundo sub-20 2010"]
[Site "Chotowa POL"]
[Date "2010.08.15"]
[Round "12.15"]
[White "Bajarani, Ulvi"]
[Black "Sethuraman, Sethuraman Panayapp"]
[Result "0-1"]
[WhiteElo "2409"]
[BlackElo "2513"]
[PlyCount "110"]
[EventDate "2010.08.03"]
[EventType "swiss"]
[EventRounds "13"]
[EventCountry "POL"]
[Source "lmi"]
[SourceDate "2010.08.03"]

1. e4 c5 2. Nf3 Nc6 3. d4 cxd4 4. Nxd4 Nf6 5. Nc3 d6 6. Bg5 e6 7. Qd2 Be7 8.
O-O-O a6 9. f3 O-O 10. h4 Nxd4 11. Qxd4 b5 12. h5 h6 13. Be3 Qa5 14. Kb1 b4 15.
Ne2 e5 16. Qb6 Qxb6 17. Bxb6 Be6 18. Ng3 d5 19. Bc7 dxe4 20. Bxe5 exf3 21. gxf3
Nd7 22. Bd4 Rfd8 23. Be2 a5 24. f4 Rac8 25. Ba6 Rb8 26. Rhg1 Nf6 27. Be5 Rxd1+
28. Rxd1 Rd8 29. Bd3 Ng4 30. Bc7 Rc8 31. Bb6 Rb8 32. Bg1 Rd8 33. b3 Nf6 34. Bb6
Rd6 35. Bxa5 Nd5 36. Ne4 Rd7 37. Bc4 Nxf4 38. Rxd7 Bxd7 39. Ng3 Bg4 40. c3 Bh4
41. Nf1 Bf5+ 42. Ka1 bxc3 43. Bxc3 Bf2 44. a4 Nxh5 45. b4 g5 46. b5 g4 47. Bd5
g3 48. Nxg3 Nxg3 49. a5 Be4 50. Bc4 h5 51. Bf6 Nf5 52. b6 h4 53. Bf1 Ne3 54.
Be2 h3 55. Be5 Nc4 0-1

[Event "Campeonato del Mundo sub-20 2010"]
[Site "Chotowa POL"]
[Date "2010.08.15"]
[Round "12.20"]
[White "Bobula, Mateusz"]
[Black "Diamant, Andre"]
[Result "1/2-1/2"]
[WhiteElo "2387"]
[BlackElo "2518"]
[PlyCount "34"]
[EventDate "2010.08.03"]
[EventType "swiss"]
[EventRounds "13"]
[EventCountry "POL"]
[Source "lmi"]
[SourceDate "2010.08.03"]

1. d4 Nf6 2. c4 g6 3. Nf3 Bg7 4. g3 d5 5. cxd5 Nxd5 6. Bg2 Nb6 7. Nc3 Nc6 8. e3
O-O 9. O-O e5 10. d5 Ne7 11. e4 Bg4 12. h3 Bxf3 13. Qxf3 c6 14. Rd1 cxd5 15.
exd5 Nf5 16. d6 Rb8 17. Be3 Nd4 1/2-1/2

[Event "Campeonato del Mundo sub-20 2010"]
[Site "Chotowa POL"]
[Date "2010.08.15"]
[Round "12.24"]
[White "Sieciechowicz, Marcin"]
[Black "Sagar, Shah Dharmendra"]
[Result "0-1"]
[WhiteElo "2445"]
[BlackElo "2285"]
[PlyCount "118"]
[EventDate "2010.08.03"]
[EventType "swiss"]
[EventRounds "13"]
[EventCountry "POL"]
[Source "lmi"]
[SourceDate "2010.08.03"]

1. d4 g6 2. c4 Bg7 3. Nc3 c5 4. d5 Bxc3+ 5. bxc3 f5 6. h4 Nf6 7. h5 Rg8 8. hxg6
hxg6 9. Nf3 Qa5 10. Qd3 d6 11. Bg5 Nbd7 12. Qe3 Ne4 13. Rh7 Ndf6 14. Bxf6 exf6
15. Nd2 Qxc3 16. Qxc3 Nxc3 17. f3 Bd7 18. a4 Nxa4 19. Rxd7 Kxd7 20. Rxa4 Rh8
21. Kf2 a6 22. e3 Rae8 23. Nb3 Kc7 24. Nc1 Re7 25. Ne2 Rhe8 26. Nf4 Rxe3 27.
Ne6+ R8xe6 28. dxe6 Rxe6 29. g3 f4 30. gxf4 f5 31. Bd3 d5 32. cxd5 Rd6 33. Ra1
b5 34. Ke3 Kb6 35. Rh1 Rxd5 36. Rh6 c4 37. Rxg6+ Kc5 38. Bb1 a5 39. Rf6 a4 40.
Bxf5 a3 41. Bc2 Rd6 42. Rf8 Kb4 43. Ra8 Kc3 44. Bb1 b4 45. Ba2 Re6+ 46. Kf2 Rc6
47. Ra4 Rb6 48. f5 Kd4 49. f6 Kc3 50. f7 Rf6 51. Ke3 Rxf7 52. f4 Re7+ 53. Kf3
Rc7 54. f5 Rc8 55. Ke4 Kb2 56. Bxc4 Rxc4+ 57. Kd5 Rf4 58. Ke5 Rxf5+ 59. Kxf5 b3
0-1

[Event "Campeonato del Mundo sub-20 2010"]
[Site "Chotowa POL"]
[Date "2010.08.15"]
[Round "12.26"]
[White "Lalith, Babu Musunuri Rohit"]
[Black "Pagerka, Martin"]
[Result "1-0"]
[WhiteElo "2502"]
[BlackElo "2215"]
[PlyCount "81"]
[EventDate "2010.08.03"]
[EventType "swiss"]
[EventRounds "13"]
[EventCountry "POL"]
[Source "lmi"]
[SourceDate "2010.08.03"]

1. Nf3 Nf6 2. c4 e6 3. Nc3 Bb4 4. Qc2 c5 5. a3 Ba5 6. g3 O-O 7. Bg2 d5 8. Na4
Na6 9. Nxc5 Nxc5 10. b4 dxc4 11. Qxc4 Nd3+ 12. Qxd3 Qxd3 13. exd3 Bc7 14. Bb2
Bd7 15. Ne5 Bxe5 16. Bxe5 Nd5 17. Ke2 Bc6 18. Bf3 f6 19. Bc3 Rfd8 20. Rhc1 Rac8
21. Bb2 Kf7 22. Rc5 b6 23. Rc4 Bb5 24. Rac1 Bxc4 25. dxc4 Ne7 26. a4 e5 27. b5
Rc7 28. d3 Rcd7 29. Rc3 f5 30. Ke3 Rd4 31. Ra3 f4+ 32. Ke2 R4d6 33. Bxe5 Re6
34. gxf4 g5 35. Bg4 Rh6 36. fxg5 Rh4 37. f3 Re8 38. Bg3 Nf5+ 39. Kf2 Rxg4 40.
fxg4 Nd4 41. a5 1-0

[Event "Campeonato del Mundo sub-20 2010"]
[Site "Chotowa POL"]
[Date "2010.08.15"]
[Round "12.28"]
[White "Huschenbeth, Niclas"]
[Black "Kanmazalp, Ogulcan"]
[Result "0-1"]
[WhiteElo "2459"]
[BlackElo "2381"]
[PlyCount "96"]
[EventDate "2010.08.03"]
[EventType "swiss"]
[EventRounds "13"]
[EventCountry "POL"]
[Source "lmi"]
[SourceDate "2010.08.03"]

1. e4 e6 2. d4 d5 3. Nc3 Nf6 4. e5 Nfd7 5. f4 c5 6. Nf3 a6 7. Be3 Qb6 8. Na4
Qa5+ 9. c3 cxd4 10. b4 Qc7 11. Bxd4 Nc6 12. Be2 b5 13. Nb2 a5 14. O-O axb4 15.
cxb4 Bxb4 16. Rc1 Qb7 17. f5 exf5 18. e6 fxe6 19. Bxg7 Rg8 20. Ng5 Nd8 21. Qd4
Qb6 22. Bh5+ Ke7 23. Bf6+ Kd6 24. Be5+ Ke7 25. Bf6+ Kd6 26. Qxb6+ Nxb6 27. Nd3
Bd2 28. Be5+ Ke7 29. Rc7+ Bd7 30. Nxh7 Nc6 31. Rb7 Be3+ 32. Kh1 Rxa2 33. g4 Rd2
34. gxf5 exf5 35. Nf6 Rgg2 36. Bf3 Nxe5 37. Bxg2 Kxf6 38. Nxe5 Kxe5 39. Re1 Kf4
40. h4 b4 41. h5 Rc2 42. Rf1+ Kg5 43. Bxd5 Nxd5 44. Rxd7 Nf4 45. h6 Kxh6 46.
Rf3 Rc3 47. Rg3 Bc5 48. Rg8 Rh3# 0-1

[Event "Campeonato del Mundo sub-20 2010"]
[Site "Chotowa POL"]
[Date "2010.08.15"]
[Round "12.29"]
[White "Krzyzanowski, Marcin"]
[Black "Baryshpolets, Andrey"]
[Result "0-1"]
[WhiteElo "2377"]
[BlackElo "2450"]
[PlyCount "126"]
[EventDate "2010.08.03"]
[EventType "swiss"]
[EventRounds "13"]
[EventCountry "POL"]
[Source "lmi"]
[SourceDate "2010.08.03"]

1. e4 c5 2. Nf3 Nc6 3. d4 cxd4 4. Nxd4 Nf6 5. Nc3 d6 6. Bg5 e6 7. Qd2 a6 8.
O-O-O Bd7 9. f4 Be7 10. Nf3 b5 11. Bxf6 gxf6 12. Ne2 Qa5 13. Qxa5 Nxa5 14. b3
Bc6 15. Ng3 Bb7 16. Bd3 Bd8 17. Nh5 Nc6 18. c3 b4 19. cxb4 Nxb4 20. Bb1 Ke7 21.
Kb2 a5 22. Rd2 Bb6 23. Re1 Rhd8 24. g4 Na6 25. a3 Nc5 26. f5 Nd7 27. g5 fxg5
28. Nxg5 h6 29. Nf3 Ne5 30. f6+ Kf8 31. Nxe5 dxe5 32. Rg2 Rac8 33. Rf1 Bd4+ 34.
Ka2 Rc3 35. a4 Rdc8 36. Ng3 Ba6 37. Rd1 Rc1 38. Rxc1 Rxc1 39. Ne2 Re1 40. Nxd4
exd4 41. Kb2 e5 42. Rf2 Be2 43. Rf5 d3 44. Bxd3 Bxd3 45. Rxe5 Bxe4 46. Kc3 Re2
47. Rxa5 Rxh2 48. Re5 Bf3 49. a5 h5 50. b4 h4 51. Rf5 Rh3 52. Kb2 Ke8 53. a6
Bg2 54. b5 Kd7 55. b6 Re3 56. Rb5 Re8 57. b7 Kc7 58. Rh5 h3 59. Kc3 Kb6 60. Re5
Rf8 61. Kb4 Kxa6 62. Rh5 Kxb7 63. Kc5 Kc7 0-1

[Event "Campeonato del Mundo sub-20 2010"]
[Site "Chotowa POL"]
[Date "2010.08.15"]
[Round "12.30"]
[White "Kantans, Toms"]
[Black "Firat, Burak"]
[Result "1/2-1/2"]
[WhiteElo "2343"]
[BlackElo "2420"]
[PlyCount "34"]
[EventDate "2010.08.03"]
[EventType "swiss"]
[EventRounds "13"]
[EventCountry "POL"]
[Source "lmi"]
[SourceDate "2010.08.03"]

1. e4 e6 2. d4 d5 3. Nc3 Nf6 4. Bg5 Bb4 5. e5 h6 6. Be3 Ne4 7. Qg4 g6 8. Bd3
Nxc3 9. a3 Ba5 10. Bd2 c5 11. bxc3 c4 12. Be2 Bd7 13. h4 Ba4 14. Bd1 Qe7 15.
Ne2 Nd7 16. Qh3 O-O-O 17. g4 Kb8 1/2-1/2

[Event "Campeonato del Mundo sub-20 2010"]
[Site "Chotowa POL"]
[Date "2010.08.15"]
[Round "12.31"]
[White "Schiendorfer, Emanuel"]
[Black "Pacher, Milan"]
[Result "1/2-1/2"]
[WhiteElo "2305"]
[BlackElo "2417"]
[PlyCount "45"]
[EventDate "2010.08.03"]
[EventType "swiss"]
[EventRounds "13"]
[EventCountry "POL"]
[Source "lmi"]
[SourceDate "2010.08.03"]

1. d4 Nf6 2. c4 e6 3. Nf3 c5 4. d5 exd5 5. cxd5 Bd6 6. Nc3 O-O 7. g3 Bc7 8. Bg2
d6 9. O-O a6 10. a4 Re8 11. Re1 Nbd7 12. e4 Rb8 13. Qd3 h6 14. h3 Nf8 15. b3
Ba5 16. Bd2 Ng6 17. Nb1 Bd7 18. Bxa5 Qxa5 19. Qc3 Qc7 20. Nbd2 Re7 21. Nh2 b5
22. axb5 axb5 23. Bf1 1/2-1/2

[Event "Campeonato del Mundo sub-20 2010"]
[Site "Chotowa POL"]
[Date "2010.08.15"]
[Round "12.32"]
[White "Arun, Karthik Ravichandra"]
[Black "Anwesh, Upadhyaya"]
[Result "1/2-1/2"]
[WhiteElo "2289"]
[BlackElo "2412"]
[PlyCount "76"]
[EventDate "2010.08.03"]
[EventType "swiss"]
[EventRounds "13"]
[EventCountry "POL"]
[Source "lmi"]
[SourceDate "2010.08.03"]

1. e4 e5 2. Nf3 Nc6 3. Bb5 a6 4. Ba4 d6 5. O-O Bd7 6. d4 b5 7. Bb3 Nxd4 8. Nxd4
exd4 9. c3 d3 10. Qh5 Qe7 11. Qd5 Rd8 12. Qxd3 Nf6 13. Re1 g6 14. Bg5 h6 15.
Bh4 g5 16. Bg3 Nh5 17. Nd2 Nxg3 18. Qxg3 Bg7 19. Nf3 O-O 20. h4 g4 21. Nd4 h5
22. Nf5 Bxf5 23. exf5 Qf6 24. Bc2 Rfe8 25. f3 gxf3 26. Qxf3 Qxh4 27. Re4 Rxe4
28. Qxe4 Qxe4 29. Bxe4 Re8 30. Bf3 h4 31. a4 Re5 32. axb5 axb5 33. Ra8+ Kh7 34.
Ra7 Rc5 35. Rb7 Kh6 36. Be2 Rxf5 37. Rxc7 b4 38. Rc4 bxc3 1/2-1/2

[Event "Campeonato del Mundo sub-20 2010"]
[Site "Chotowa POL"]
[Date "2010.08.15"]
[Round "12.33"]
[White "Debashis, Das"]
[Black "Dimitrov, Radoslav"]
[Result "1/2-1/2"]
[WhiteElo "2411"]
[BlackElo "2380"]
[PlyCount "125"]
[EventDate "2010.08.03"]
[EventType "swiss"]
[EventRounds "13"]
[EventCountry "POL"]
[Source "lmi"]
[SourceDate "2010.08.03"]

1. e4 c6 2. d4 d5 3. e5 Bf5 4. Nf3 e6 5. Be2 Nd7 6. O-O Ne7 7. Nbd2 c5 8. dxc5
Nc6 9. Nb3 Bg4 10. Re1 Bxc5 11. Nxc5 Nxc5 12. Ng5 Bxe2 13. Qxe2 h6 14. Nf3 O-O
15. b3 Rc8 16. a4 Ne4 17. Ba3 Re8 18. Qe3 Qa5 19. c4 Qc3 20. h4 b6 21. Rac1
Qxe3 22. Rxe3 Ne7 23. Nd4 Nc5 24. Nb5 Nf5 25. Rh3 dxc4 26. Rxc4 Nd7 27. Rxc8
Rxc8 28. g4 a6 29. Na7 Rc7 30. gxf5 exf5 31. Bd6 Rxa7 32. Rf3 g6 33. Rc3 a5 34.
Rc8+ Kg7 35. Re8 Nc5 36. Bf8+ Kh7 37. Be7 Ne6 38. Bf6 g5 39. h5 Ng7 40. Rb8 Rd7
41. Kg2 f4 42. Bxg7 Kxg7 43. Rxb6 Rd3 44. Rb7 Kf8 45. Rb6 Rd5 46. Rxh6 Rxe5 47.
Rb6 Kg7 48. Kf3 f6 49. Kg4 Re2 50. f3 Re3 51. Rb7+ Kh6 52. Rf7 Re6 53. Rb7 Re1
54. Rb6 Rg1+ 55. Kf5 Kxh5 56. Rxf6 Kh4 57. Rg6 Rc1 58. Ke4 Rc3 59. Rh6+ Kg3 60.
Rg6 Re3+ 61. Kd4 Kxf3 62. Rxg5 Rxb3 63. Rxa5 1/2-1/2

[Event "Campeonato del Mundo sub-20 2010"]
[Site "Chotowa POL"]
[Date "2010.08.15"]
[Round "12.34"]
[White "Hamitevici, Vladimir"]
[Black "Larmuseau, Maarten"]
[Result "1-0"]
[WhiteElo "2411"]
[BlackElo "2277"]
[PlyCount "89"]
[EventDate "2010.08.03"]
[EventType "swiss"]
[EventRounds "13"]
[EventCountry "POL"]
[Source "lmi"]
[SourceDate "2010.08.03"]

1. d4 Nf6 2. c4 c5 3. d5 e6 4. Nc3 exd5 5. cxd5 d6 6. g3 g6 7. Bg2 Bg7 8. Nf3
a6 9. a4 O-O 10. O-O Re8 11. Nd2 Nbd7 12. h3 Nh5 13. Nce4 Ndf6 14. Nxf6+ Nxf6
15. Nc4 Ne4 16. Kh2 Rb8 17. f3 Nf6 18. Bf4 Bf8 19. g4 b5 20. axb5 axb5 21. Na5
Bd7 22. e4 Ra8 23. Qd2 Qc7 24. b4 cxb4 25. Rfc1 Qb6 26. Qxb4 Rec8 27. Rxc8 Rxc8
28. Rc1 Rxc1 29. Bxc1 Ne8 30. Nb3 Bg7 31. Bf4 h6 32. Bg3 Qe3 33. Na5 Bd4 34.
Qb1 b4 35. h4 h5 36. gxh5 gxh5 37. Qe1 Qa3 38. Nc4 Qc3 39. Qxc3 Bxc3 40. Bf1 b3
41. Nxd6 b2 42. Bd3 Nc7 43. Nc4 Na6 44. Nxb2 Nb4 45. Nd1 1-0

[Event "Campeonato del Mundo sub-20 2010"]
[Site "Chotowa POL"]
[Date "2010.08.15"]
[Round "12.37"]
[White "Zhou, Yang-fan"]
[Black "Ashwin, Jayaram"]
[Result "0-1"]
[WhiteElo "2348"]
[BlackElo "2454"]
[PlyCount "100"]
[EventDate "2010.08.03"]
[EventType "swiss"]
[EventRounds "13"]
[EventCountry "POL"]
[Source "lmi"]
[SourceDate "2010.08.03"]

1. e4 c5 2. Nf3 d6 3. d4 cxd4 4. Nxd4 Nf6 5. Nc3 Nc6 6. Bg5 e6 7. Qd2 a6 8.
O-O-O Bd7 9. f3 Be7 10. Be3 h5 11. Kb1 Qc7 12. Nxc6 Bxc6 13. Ne2 d5 14. e5 Nd7
15. f4 Bb5 16. Nd4 Bxf1 17. Rhxf1 g6 18. g3 O-O-O 19. Nb3 Nb6 20. Bxb6 Qxb6 21.
Rf3 Kb8 22. Qd4 Qb5 23. a4 Qb4 24. Qxb4 Bxb4 25. c3 Be7 26. Nd4 Rc8 27. b3 Bc5
28. Kb2 Rc7 29. h3 Bb6 30. Rdd3 Rhc8 31. Rd1 Ba5 32. Rdd3 Bb6 33. Rd1 Ba7 34.
Rd2 Rh8 35. Rf1 Kc8 36. Nf3 Bb6 37. Rd3 Rd7 38. Rfd1 Rc7 39. Rf1 Kb8 40. Nd4
Rhc8 41. Rff3 Rxc3 42. Rxc3 Bxd4 43. Kc2 Bxc3 44. Rxc3 a5 45. Kd2 Rxc3 46. Kxc3
Kc7 47. Kd4 Kb6 48. g4 hxg4 49. hxg4 Kc6 50. g5 b6 0-1

[Event "Campeonato del Mundo sub-20 2010"]
[Site "Chotowa POL"]
[Date "2010.08.15"]
[Round "12.38"]
[White "Dragun, Kamil"]
[Black "Straka, Josef Jr"]
[Result "1-0"]
[WhiteElo "2379"]
[BlackElo "2337"]
[PlyCount "107"]
[EventDate "2010.08.03"]
[EventType "swiss"]
[EventRounds "13"]
[EventCountry "POL"]
[Source "lmi"]
[SourceDate "2010.08.03"]

1. e4 c5 2. Nf3 Nc6 3. d4 cxd4 4. Nxd4 e5 5. Nb5 d6 6. N1c3 a6 7. Na3 Be7 8.
Nc4 b5 9. Ne3 Nf6 10. g3 O-O 11. Bg2 b4 12. Ncd5 Nxd5 13. Nxd5 Bg5 14. Ne3 Be6
15. O-O Bh6 16. a3 Qb8 17. axb4 Nxb4 18. Nf5 Bxc1 19. Qxc1 Ra7 20. c3 Nd3 21.
Qe3 Nxb2 22. Rfb1 Rb7 23. Bf1 Nc4 24. Rxb7 Qxb7 25. Bxc4 Bxc4 26. Nxd6 Qc7 27.
Nxc4 Qxc4 28. Ra5 f6 29. Rc5 Qa4 30. Qd3 h6 31. Rc7 Rb8 32. Kg2 a5 33. c4 Kh8
34. Qd2 Qb4 35. Qd7 Rg8 36. Qc6 a4 37. Ra7 a3 38. c5 Rd8 39. Ra4 Qc3 40. Qc7
Qd3 41. Qb7 Qc2 42. Ra7 Rg8 43. Qd5 Rc8 44. Ra8 Rxa8 45. Qxa8+ Kh7 46. Qxa3
Qxe4+ 47. Qf3 Qc2 48. c6 f5 49. Qd5 Qc3 50. h4 Qc2 51. h5 f4 52. gxf4 exf4 53.
Kf3 Qc1 54. Qe4+ 1-0

[Event "Campeonato del Mundo sub-20 2010"]
[Site "Chotowa POL"]
[Date "2010.08.15"]
[Round "12.39"]
[White "Ivanov, Stojan Lubomirov"]
[Black "Dimitrov, Pavel"]
[Result "1/2-1/2"]
[WhiteElo "2223"]
[BlackElo "2365"]
[PlyCount "70"]
[EventDate "2010.08.03"]
[EventType "swiss"]
[EventRounds "13"]
[EventCountry "POL"]
[Source "lmi"]
[SourceDate "2010.08.03"]

1. e4 e5 2. Nf3 f5 3. Nxe5 Nf6 4. exf5 Qe7 5. Qe2 d6 6. Nf3 Bxf5 7. d3 Nc6 8.
Nc3 O-O-O 9. Qxe7 Bxe7 10. Be2 d5 11. O-O d4 12. Nb1 Rhe8 13. Nbd2 Nd5 14. Nb3
Bf6 15. Bd1 h6 16. a3 g5 17. Nfd2 Nf4 18. Nc5 Ne2+ 19. Kh1 Nxc1 20. Rxc1 g4 21.
Nce4 Bg7 22. f3 Rf8 23. Be2 h5 24. fxg4 Bxg4 25. Bxg4+ hxg4 26. Rxf8 Rxf8 27.
Rf1 Rxf1+ 28. Nxf1 Bh6 29. Nfd2 Ne7 30. Nb3 Nf5 31. Nf2 g3 32. hxg3 Bg7 33. Nd1
b5 34. Kg1 Nxg3 35. Kf2 Nf5 1/2-1/2

[Event "Campeonato del Mundo sub-20 2010"]
[Site "Chotowa POL"]
[Date "2010.08.15"]
[Round "12.40"]
[White "Lomsadze, Davit"]
[Black "Zysko, Jan"]
[Result "1-0"]
[WhiteElo "2364"]
[BlackElo "2210"]
[PlyCount "78"]
[EventDate "2010.08.03"]
[EventType "swiss"]
[EventRounds "13"]
[EventCountry "POL"]
[Source "lmi"]
[SourceDate "2010.08.03"]

1. e4 c5 2. b3 Nc6 3. Bb2 a6 4. f4 d5 5. e5 Nh6 6. Nf3 Bg4 7. h3 Bxf3 8. Qxf3
e6 9. g4 Be7 10. Bd3 Bh4+ 11. Kd1 f6 12. exf6 Bxf6 13. Bxf6 Qxf6 14. Nc3 g5 15.
f5 O-O-O 16. Rf1 Rhf8 17. Rb1 Nd4 18. Qf2 exf5 19. Ne2 f4 20. Nxd4 cxd4 21. b4
Rd6 22. a4 Nf7 23. Bxh7 Kb8 24. Bf5 Rh8 25. a5 Rxh3 26. b5 Rd8 27. Qe2 Rh6 28.
Re1 axb5 29. Qxb5 Qc6 30. Qb4 Nd6 31. Qxd4 Nc4 32. Bd3 Qf6 33. Qxf6 Rxf6 34.
Re7 Nxa5 35. Rb5 b6 36. Re5 d4 37. Rxg5 Kc7 38. Rg7+ Kc6 39. Re5 Kd6 1-0

[Event "Campeonato del Mundo sub-20 2010"]
[Site "Chotowa POL"]
[Date "2010.08.15"]
[Round "12.42"]
[White "Platzgummer, Fabian"]
[Black "Lukovic, Vladimir"]
[Result "1/2-1/2"]
[WhiteElo "2351"]
[BlackElo "2130"]
[PlyCount "31"]
[EventDate "2010.08.03"]
[EventType "swiss"]
[EventRounds "13"]
[EventCountry "POL"]
[Source "lmi"]
[SourceDate "2010.08.03"]

1. Nf3 Nf6 2. c4 c6 3. d4 d5 4. e3 a6 5. Bd3 b5 6. b3 Bg4 7. Nbd2 e6 8. Qc2
Nbd7 9. Bb2 Be7 10. O-O Bh5 11. Ne5 Nxe5 12. dxe5 Nd7 13. cxd5 cxd5 14. Qc6 Qc8
15. Qxc8+ Rxc8 16. Rfc1 1/2-1/2

[Event "Campeonato del Mundo sub-20 2010"]
[Site "Chotowa POL"]
[Date "2010.08.15"]
[Round "12.43"]
[White "Posedaru, Bogdan"]
[Black "Anton, Teodor"]
[Result "1/2-1/2"]
[WhiteElo "2294"]
[BlackElo "2350"]
[PlyCount "20"]
[EventDate "2010.08.03"]
[EventType "swiss"]
[EventRounds "13"]
[EventCountry "POL"]
[Source "lmi"]
[SourceDate "2010.08.03"]

1. d4 f5 2. Bg5 g6 3. Nc3 Bg7 4. e4 fxe4 5. Nxe4 d5 6. Ng3 c5 7. Nf3 Nc6 8.
dxc5 Bxb2 9. Rb1 Bc3+ 10. Bd2 Bg7 1/2-1/2

[Event "Campeonato del Mundo sub-20 2010"]
[Site "Chotowa POL"]
[Date "2010.08.15"]
[Round "12.44"]
[White "Aguirre Manzo, Leopoldo Antonio"]
[Black "Spoelman, Wouter"]
[Result "0-1"]
[WhiteElo "2203"]
[BlackElo "2580"]
[PlyCount "72"]
[EventDate "2010.08.03"]
[EventType "swiss"]
[EventRounds "13"]
[EventCountry "POL"]
[Source "lmi"]
[SourceDate "2010.08.03"]

1. e4 e5 2. Nf3 Nc6 3. Bc4 Bc5 4. c3 Nf6 5. d4 exd4 6. O-O Nxe4 7. cxd4 d5 8.
dxc5 dxc4 9. Qe2 Qd3 10. Re1 f5 11. Nc3 O-O 12. Nxe4 fxe4 13. Qxe4 Bf5 14. Qh4
Rae8 15. Bf4 Re4 16. Rxe4 Bxe4 17. Ne5 Qd4 18. Nxc6 Bxc6 19. Bg3 Qxc5 20. Rd1
Re8 21. h3 c3 22. bxc3 Qxc3 23. Bxc7 Bxg2 24. Rd8 Bc6 25. Rxe8+ Bxe8 26. Qe7
Qc6 27. Be5 Qd7 28. Qg5 h6 29. Qg3 Kh7 30. Kh2 Bg6 31. Qc3 Bf5 32. a3 b6 33.
Qg3 Be4 34. Bc3 Ba8 35. Qg4 Qb7 36. Kg3 Qc7+ 0-1